000 00923nas a2200301 4500
001 BR8001810
003 BR-BrBNA
005 20231205084249.0
007 ta
008 230509b bl.|||p| |||| 00| 00por d
040 _aBR-BrBNA
_bpor
_cBiblioteca Nacional de Agricultura
041 _a(Pt)
072 _aH10
100 1 _aFonseca, D.M. da
100 1 _aBotelho, W.
100 1 _aZuniga, M.C.P.
245 1 _aA seca e as cigarrinhas limitando a produtividade das pastagens [Minas Gerais; Brasil]
650 _aPraga de planta
650 _aPastagem
650 _aCigarrinha
650 _aLagarta
650 _aDefensivo
650 _aControle quimico
650 _aMinas Gerais
773 0 _tInforme Agropecuario - Empresa de Pesquisa Agropecuaria de Minas Gerais (Brazil)
_xISSN 0100-3364
_g(Aug 1980), v. 6(68) p. 71-73
_wBR8001810
909 _a202311
_bLúcia
_c55
_dLúcia Elande
942 _2AGRIS
_n0
_cANA
999 _c104123
_d104123